MARC details
| 000 -CABECERA |
| campo de control de longitud fija |
02102nam a2200373Ia 4500 |
| 001 - NÚMERO DE CONTROL |
| campo de control |
dia_4978 |
| 003 - IDENTIFICADOR DEL NÚMERO DE CONTROL |
| campo de control |
CHAP |
| 005 - FECHA Y HORA DE LA ÚLTIMA TRANSACCIÓN |
| campo de control |
20250805122641.0 |
| 007 - CAMPO FIJO DE DESCRIPCIÓN FÍSICA--INFORMACIÓN GENERAL |
| campo de control de longitud fija |
ta |
| 008 - DATOS DE LONGITUD FIJA--INFORMACIÓN GENERAL |
| campo de control de longitud fija |
220117s2012 mx ado f 001 0 spa d |
| 040 ## - FUENTE DE LA CATALOGACIÓN |
| Centro catalogador/agencia de origen |
mxchpua |
| Centro/agencia transcriptor |
CHAP |
| 090 ## - LOCALMENTE ASIGNADO TIPO-LC NÚMERO DE CLASIFICACIÓN (OCLC); NÚMERO DE CLASIFICACIÓN LOCAL (RLIN) |
| Número de clasificación (OCLC) (R) ; Numero de clasificación, CALL (RLIN) (NR) |
T.C.563 |
| Número cutter local (OCLC) ; Número de libro/Signatura topográfica íntegra, CALL (RLIN) |
A38 SAI |
| Año |
2012 |
| 245 10 - MENCIÓN DE TÍTULO |
| Título |
Reporte de viaje de estudios del Sistema Agroindustrial apícola en el estado de Quintana Roo / |
| Mención de responsabilidad, etc. |
coordinador Evelio Aguilar Gudino ; colaboradores Abraham Jesús Arzeta Ríos...[y otros] |
| 260 ## - PUBLICACIÓN, DISTRIBUCIÓN, ETC. |
| Lugar de publicación, distribución, etc. |
México : |
| Nombre del editor, distribuidor, etc. |
El autor, |
| Fecha de publicación, distribución, etc. |
2012 |
| 300 ## - DESCRIPCIÓN FÍSICA |
| Extensión |
46 hojas : |
| Otras características físicas |
ilustraciones, tablas, gráficas, diagramas, fotos |
| 336 ## - TIPO DE CONTENIDO |
| Fuente |
rdacontent |
| Término de tipo de contenido |
texto |
| Código de tipo de contenido |
txt |
| 337 ## - TIPO DE MEDIO |
| Fuente |
rdamedia |
| Nombre/término del tipo de medio |
no mediado |
| Código del tipo de medio |
n |
| 338 ## - TIPO DE SOPORTE |
| Fuente |
rdacarrier |
| Nombre/término del tipo de soporte |
volumen |
| Código del tipo de soporte |
nc |
| 500 ## - NOTA GENERAL |
| Nota general |
Grado: 6° año Grupo: 04<br/>Directorio: hojas 42-43 |
| 502 ## - NOTA DE TESIS |
| Nota de tesis |
Viaje de estudios |
| Tipo de título |
(SAI) -- |
| Nombre de la institución que otorga el título |
UACh. Departamento de Ingeniería Agroindustrial, |
| Año de obtención del título |
2012 |
| 504 ## - NOTA DE BIBLIOGRAFÍA, ETC. |
| Nota de bibliografía, etc. |
Bibliografía: hoja 41 |
| 505 00 - NOTA DE CONTENIDO CON FORMATO |
| Título |
Empresas visitadas: --<br/>1.Secretaría de Desarrollo Agropecuario, Rural e Indígena (SEDARI) --<br/>2.Sociedad Apicolakabi - Habin --<br/>3.Apicultores mayas de Mani, S. C. de R. L. --<br/>4.La flor de Tajonal, S. C. de R. L. --<br/>5.Productos faciales de uso cosméticos con la miel de abeja --<br/>6.Cooperativa Apícola Morelense --<br/>7.Uh Zihil Caboób, S. P. R. de R. L. --<br/>8.Asociación Apícola Renacimiento --<br/>9.Fideicomiso Instituidos en Relación a la Agricultura FIRA --<br/>10.Secretaría de Agricultura, Ganadería, Desarrollo Rural, Pesca y Alimentación --<br/>11.Fundación Produce Quintana Roo, A. C. |
| 650 10 - PUNTO DE ACCESO ADICIONAL DE MATERIA--TÉRMINO DE MATERIA |
| Término de materia o nombre geográfico como elemento de entrada |
Miel y productos fabricados por abejas |
| Subdivisión geográfica |
México |
| -- |
Quintana Roo |
| 9 (RLIN) |
157218 |
| 650 10 - PUNTO DE ACCESO ADICIONAL DE MATERIA--TÉRMINO DE MATERIA |
| Término de materia o nombre geográfico como elemento de entrada |
Honey and bee products |
| Subdivisión geográfica |
Mexico |
| -- |
Quintana Roo |
| 9 (RLIN) |
157217 |
| 700 1# - PUNTO DE ACCESO ADICIONAL--NOMBRE DE PERSONA |
| Nombre de persona |
Aguilar Gudino, Evelio |
| 9 (RLIN) |
149929 |
| Término indicativo de función/relación |
coordinador |
| 700 1# - PUNTO DE ACCESO ADICIONAL--NOMBRE DE PERSONA |
| Nombre de persona |
Arzeta Ríos, Abraham Jesús |
| 9 (RLIN) |
128659 |
| Término indicativo de función/relación |
colaborador |
| 856 41 - LOCALIZACIÓN Y ACCESO ELECTRÓNICOS |
| Texto de enlace |
DESCARGAR REPORTE |
| Identificador Uniforme del Recurso |
<a href="http://10.13.5.2/ve/TC563_SAI/TC563_SAI_2012-REPORTE.pdf">http://10.13.5.2/ve/TC563_SAI/TC563_SAI_2012-REPORTE.pdf</a> |
| 942 ## - ELEMENTOS DE PUNTO DE ACCESO ADICIONAL (KOHA) |
| Fuente del sistema de clasificación o colocación |
Clasificación Universidad Autónoma de Chapingo |
| 901 ## - ELEMENTOS DE DATOS A LOCAL LDA (RLIN) |
| a |
T.C.563 A38 SAI 2012 |
| 902 ## - ELEMENTOS DE DATOS B LOCAL, LDB (RLIN) |
| a |
M |
| 905 ## - ELEMENTOS DE DATOS E LOCAL, LDE (RLIN) |
| a |
5232272012 mx amn 8223223322spa16 |
| 942 ## - ELEMENTOS DE PUNTO DE ACCESO ADICIONAL (KOHA) |
| Tipo de ítem Koha |
Viaje de Estudios |